000
00293nam a22001217a 4500
008
180302b xxu||||| |||| 00| 0 eng d
041
_a
eng
080
_a
316
100
_a
50
101
_a
SOC
245
_a
Ageing in a gendered world: women's issues and indetities
_c
Judd,K
942
_2
udc
_c
BK
999
_c
43942
_d
43942